serun
ՀԱՅ ԳԻՐՔ = Armenian Book

Ծխելը թողնելու հեշտ միջոց / (Record no. 103952)

000 -LEADER
fixed length control field 00674nam a2200205 u 4500
001 - CONTROL NUMBER
control field 000746431
003 - CONTROL NUMBER IDENTIFIER
control field AM-YeNLA
005 - DATE AND TIME OF LATEST TRANSACTION
control field 20160326092936.0
008 - FIXED-LENGTH DATA ELEMENTS--GENERAL INFORMATION
fixed length control field 100625s2010 ai r 000 0 arm d
020 ## - INTERNATIONAL STANDARD BOOK NUMBER
Canceled/invalid ISBN 978-9939-9013-1-2
040 ## - CATALOGING SOURCE
Original cataloging agency AM-YeNLA
Transcribing agency
041 1# - LANGUAGE CODE
Language code of text/sound track or separate title arm
Language code of original eng
100 1# - MAIN ENTRY--PERSONAL NAME
Personal name Կարր, Ալեն
245 10 - TITLE STATEMENT
Title Ծխելը թողնելու հեշտ միջոց /
Statement of responsibility, etc. Ալլեն Կարր.
260 ## - PUBLICATION, DISTRIBUTION, ETC. (IMPRINT)
Place of publication, distribution, etc. Երևան :
Name of publisher, distributor, etc. Չարենց,
Date of publication, distribution, etc. 2010.
300 ## - PHYSICAL DESCRIPTION
Extent 134 էջ ;
Dimensions 24 սմ.
650 14 - SUBJECT ADDED ENTRY--TOPICAL TERM
Topical term or geographic name as entry element Առողջապահություն
General subdivision Ծխելը թողնելու հեշտ միջոց
650 14 - SUBJECT ADDED ENTRY--TOPICAL TERM
Topical term or geographic name as entry element Ծխելու վնասակարության մասին
942 ## - ADDED ENTRY ELEMENTS (KOHA)
Koha item type Books

No items available.

Հայաստանի ազգային գրադարան ՀՀ, 0009,Երևան, Տերյան 72
Հետադարձ կապ